Cấu tạo, sửa chữa và bảo dưỡng động cơ ô tô.

Na minha lista:
Detalhes bibliográficos
Autor principal: Ngô Viết Khánh
Formato: Livro
Idioma:Vietnamese
Publicado em: Giao Thông Vận tải, 1999.
Assuntos:
Tags: Adicionar Tag
Sem tags, seja o primeiro a adicionar uma tag!
Thư viện lưu trữ: Mạng thư viện Đại học Đà Nẵng
LEADER 01029nam a2200313 a 4500
001 000001926
003 01143
005 20220607145118.0
008 171229s1999 vie
040 |a LSK 
041 0 |a VIE 
082 0 |a 629.25  |b NG-K 
100 1 |a Ngô Viết Khánh 
245 0 0 |a Cấu tạo, sửa chữa và bảo dưỡng động cơ ô tô. 
260 |b Giao Thông Vận tải,  |c 1999. 
300 |a 546 pages ;  |c 20,5 cm. 
653 |a Động cơ ô tô - Sửa chữa 
852 |a Phòng Đọc - Phòng Mượn 
901 |a 51 
927 |a Sách chuyên khảo 
OWN |a LSK 
AVA |a UDN50  |b LSK  |d 629.25 NG-K  |e check_holdings  |t Error 5003 Not defined in file expand_doc_bib_avail.  |h N  |k 1 
999 |a From the UDN01 
AVA |a UDN50  |b LSK  |d 629.25 NG-K  |e available  |t Error 5001 Not defined in file expand_doc_bib_avail.  |f 51  |g 0  |h N  |i 2  |k 1 
TYP |a Monograph 
TYP |a Printed language 
980 |a Mạng thư viện Đại học Đà Nẵng